[Event "VI Open Vallee d'Aoste A"]
[Site "Saint Vincent - Chatillon ITA"]
[Date "1998.02.10"]
[Round "4"]
[White "Sedina, Elena"]
[Black "Borgo, Giulio"]
[Result "1-0"]
[WhiteElo "2380"]
[BlackElo "2430"]
[PlyCount "45"]
[EventDate "1998.02.07"]

1. e4 c5 2. Nf3 e6 3. c3 Nf6 4. e5 Nd5 5. d4 cxd4 6. cxd4 d6 7. Nc3 Nxc3 8.
bxc3 Qc7 9. Bd2 Nd7 10. Bd3 dxe5 11. O-O Bd6 12. Re1 h6 13. Qe2 exd4 14. cxd4
Nf6 15. Ne5 O-O 16. Qf3 Nh7 17. Qg3 f6 18. Rac1 Qe7 19. Bxh6 fxe5 20. dxe5 Bb4
21. Re4 Rf7 22. Rh4 Nf8 23. Bg5 1-0

[Event "VI Open Vallee d'Aoste A"]
[Site "Saint Vincent - Chatillon ITA"]
[Date "1998.02.10"]
[Round "4"]
[White "Van der Werf, Mark"]
[Black "Contin, Daniel"]
[Result "0-1"]
[WhiteElo "2420"]
[BlackElo "2300"]
[PlyCount "86"]
[EventDate "1998.02.07"]

1. d4 Nf6 2. c4 e6 3. Nf3 b6 4. g3 Ba6 5. b3 Bb4+ 6. Bd2 Be7 7. Nc3 O-O 8. e4
d5 9. cxd5 Bxf1 10. Kxf1 exd5 11. e5 Ne4 12. Kg2 Qd7 13. Qe2 Nxc3 14. Bxc3 Nc6
15. Rhd1 a5 16. a4 Nd8 17. Rd2 Ne6 18. Rad1 Rae8 19. Rc2 f5 20. Bb2 Bb4 21. Ng1
f4 22. f3 h5 23. Bc1 c5 24. dxc5 Bxc5 25. Rcd2 d4 26. Rd3 Qf7 27. Nh3 g5 28.
Nf2 Nc7 29. Qe4 Nd5 30. Nh3 Nc3 31. Rxc3 dxc3 32. Nxg5 Qf5 33. Bxf4 Qxe4 34.
Nxe4 Rd8 35. Nd6 Rxf4 36. gxf4 Be3 37. e6 c2 38. e7 Re8 39. Re1 Rxe7 40. Nf5
Rg7+ 41. Nxg7 Kxg7 42. Rxe3 c1=Q 43. Kf2 Qh1 0-1

[Event "VI Open Vallee d'Aoste A"]
[Site "Saint Vincent - Chatillon ITA"]
[Date "1998.02.10"]
[Round "4"]
[White "Vera Gonzalez-Quevedo, Reynaldo"]
[Black "Manca, Federico"]
[Result "1-0"]
[WhiteElo "2535"]
[BlackElo "2375"]
[PlyCount "69"]
[EventDate "1998.02.07"]

1. Nf3 Nf6 2. c4 c5 3. Nc3 g6 4. e4 Bg7 5. d4 cxd4 6. Nxd4 O-O 7. Be2 Nc6 8.
Be3 d6 9. O-O Bd7 10. Nb3 Rc8 11. f3 Ne5 12. Nd2 Bc6 13. Rc1 e6 14. f4 Ned7 15.
b4 b6 16. Bf3 a5 17. a3 axb4 18. axb4 Ra8 19. Qb3 Bh6 20. Rfe1 Ne8 21. e5 Bxf3
22. Nxf3 Qe7 23. Rcd1 dxe5 24. fxe5 Bxe3+ 25. Rxe3 Ng7 26. Red3 Rad8 27. Qa4
Nb8 28. Ne4 Rxd3 29. Nf6+ Kh8 30. Rxd3 Ne8 31. Nd7 b5 32. Qxb5 Nc7 33. Qc5
Qxc5+ 34. Nxc5 Nba6 35. Rd7 1-0

[Event "VI Open Vallee d'Aoste A"]
[Site "Saint Vincent - Chatillon ITA"]
[Date "1998.02.10"]
[Round "4"]
[White "Yeuillaz, Corrado"]
[Black "Cebalo, Miso"]
[Result "0-1"]
[WhiteElo "2250"]
[BlackElo "2515"]
[PlyCount "74"]
[EventDate "1998.02.07"]

1. e4 c5 2. Nf3 d6 3. d3 Nf6 4. g3 g6 5. Bg2 Bg7 6. O-O Nc6 7. c3 O-O 8. Nbd2
Rb8 9. a4 a6 10. Qe2 Nd7 11. Nb3 b5 12. axb5 axb5 13. d4 c4 14. Nbd2 e5 15.
dxe5 Ncxe5 16. Nd4 Nc5 17. b3 cxb3 18. N2xb3 Nxb3 19. Nxb3 Be6 20. Qc2 b4 21.
cxb4 Rc8 22. Qb1 Bxb3 23. Qxb3 Nf3+ 24. Bxf3 Bxa1 25. Be3 Qf6 26. Bg4 Rc7 27.
Rd1 Be5 28. b5 Rc3 29. Qa2 h5 30. Bh3 h4 31. Qd2 hxg3 32. hxg3 Rb3 33. Bg5 Qf3
34. Bg2 Qg4 35. Be7 Rc8 36. Bxd6 Rd8 37. Qd5 Rxd6 0-1

[Event "VI Open Vallee d'Aoste A"]
[Site "Saint Vincent - Chatillon ITA"]
[Date "1998.02.11"]
[Round "5"]
[White "Anceschi, Vittorio"]
[Black "Martorelli, Antonio"]
[Result "1-0"]
[WhiteElo "2290"]
[BlackElo "2405"]
[PlyCount "75"]
[EventDate "1998.02.07"]

1. d4 d5 2. Nf3 c6 3. Bf4 Qb6 4. Qc1 Nf6 5. e3 Nh5 6. c3 Nxf4 7. exf4 g6 8. g3
Bg7 9. Be2 c5 10. dxc5 Qxc5 11. O-O Nc6 12. Nbd2 O-O 13. Nb3 Qb6 14. Qd2 a5 15.
Nbd4 Bh3 16. Rfe1 Rad8 17. Rad1 f6 18. f5 Bxf5 19. Nxf5 gxf5 20. Qc2 e6 21. c4
dxc4 22. Bxc4 Ne5 23. Nxe5 Rxd1 24. Qxd1 fxe5 25. Qd7 Qxb2 26. Bxe6+ Kh8 27.
Bxf5 Qxa2 28. g4 Qf7 29. Qb5 Qc7 30. Be4 b6 31. Rb1 Rb8 32. Rb3 Qc1+ 33. Kg2
Qf4 34. Bf5 e4 35. Rh3 h6 36. Qc6 e3 37. Rxe3 Qg5 38. Re8+ 1-0

[Event "VI Open Vallee d'Aoste A"]
[Site "Saint Vincent - Chatillon ITA"]
[Date "1998.02.11"]
[Round "5"]
[White "Belotti, Bruno"]
[Black "Hohler, Peter"]
[Result "1-0"]
[WhiteElo "2420"]
[BlackElo "2230"]
[PlyCount "61"]
[EventDate "1998.02.07"]

1. e4 e5 2. f4 d5 3. exd5 c6 4. Nc3 exf4 5. Nf3 Bd6 6. d4 Ne7 7. Bc4 O-O 8. O-O
Bg4 9. dxc6 Nbxc6 10. Ne4 Bc7 11. c3 Ng6 12. Nf2 Bh5 13. Be2 Re8 14. Nd3 Qe7
15. Rf2 Rad8 16. Bd2 Bd6 17. Qa4 Qc7 18. Re1 a6 19. Bd1 Rxe1+ 20. Nfxe1 Bxd1
21. Qxd1 Re8 22. Re2 Kf8 23. Rxe8+ Kxe8 24. Qe2+ Kf8 25. Nf3 h6 26. c4 Nxd4 27.
Nxd4 Qxc4 28. Bc3 b5 29. Nf5 Be5 30. Bxe5 Nxe5 31. Qxe5 1-0

[Event "VI Open Vallee d'Aoste A"]
[Site "Saint Vincent - Chatillon ITA"]
[Date "1998.02.11"]
[Round "5"]
[White "Borgo, Giulio"]
[Black "De Kleuver, Esther"]
[Result "1/2-1/2"]
[WhiteElo "2430"]
[BlackElo "2180"]
[PlyCount "93"]
[EventDate "1998.02.07"]

1. e4 c5 2. Nf3 e6 3. c4 Nc6 4. Nc3 Nf6 5. Be2 d5 6. exd5 exd5 7. d4 Be7 8. Be3
cxd4 9. Nxd4 Nxd4 10. Qxd4 dxc4 11. Qxd8+ Bxd8 12. Bxc4 O-O 13. O-O Bd7 14. Nb5
Bb6 15. Bxb6 axb6 16. Nc3 Bc6 17. f3 Rfe8 18. a3 Rad8 19. Rad1 Kf8 20. Kf2 Rxd1
21. Rxd1 Re7 22. Rd8+ Re8 23. Rxe8+ Kxe8 24. Ke3 Ke7 25. Kd4 Nh5 26. Nd5+ Bxd5
27. Bxd5 Nf4 28. g3 Nxd5 29. Kxd5 Kd7 30. g4 h6 31. h4 Ke7 32. a4 Kd7 33. h5
Ke7 34. Kc4 Kd6 35. Kb5 Kc7 36. b3 g5 37. Kc4 Kc6 38. Kd4 Kd6 39. Ke4 Ke6 40.
b4 b5 41. a5 f6 42. f4 gxf4 43. Kxf4 Ke7 44. Ke3 Kd7 45. Kf3 Kd6 46. Kf4 Ke7
47. Kf5 1/2-1/2

[Event "VI Open Vallee d'Aoste A"]
[Site "Saint Vincent - Chatillon ITA"]
[Date "1998.02.11"]
[Round "5"]
[White "Caposciutti, Maurizio"]
[Black "Castaldo, Folco"]
[Result "1-0"]
[WhiteElo "2310"]
[BlackElo "2155"]
[PlyCount "74"]
[EventDate "1998.02.07"]

1. e4 g6 2. d4 Bg7 3. Nc3 c6 4. Bc4 d5 5. exd5 b5 6. Bb3 b4 7. Nce2 cxd5 8. Nf4
Nf6 9. Nf3 O-O 10. Ne5 a5 11. a4 Bb7 12. h4 Qd6 13. h5 Nc6 14. hxg6 Nxe5 15.
gxh7+ Kh8 16. dxe5 Qxe5+ 17. Kf1 Qf5 18. Kg1 e5 19. Nh5 Nxh5 20. Rxh5 Qe4 21.
Bh6 Bxh6 22. Rxh6 d4 23. Rh2 Ra6 24. Qd3 Qxd3 25. cxd3 Bc8 26. Re1 Rc6 27. Rh5
f6 28. f4 exf4 29. Rxa5 Kxh7 30. Rd5 Re6 31. Rh5+ Kg6 32. Bxe6 Kxh5 33. Bc4 Kg4
34. Kf2 Bb7 35. a5 Ra8 36. Re7 Ba6 37. Bd5 Rc8 1-0

[Event "VI Open Vallee d'Aoste A"]
[Site "Saint Vincent - Chatillon ITA"]
[Date "1998.02.11"]
[Round "5"]
[White "Cebalo, Miso"]
[Black "Mantovani, Renzo"]
[Result "1-0"]
[WhiteElo "2515"]
[BlackElo "2365"]
[PlyCount "65"]
[EventDate "1998.02.07"]

1. d4 Nf6 2. Nf3 e6 3. c4 Bb4+ 4. Nbd2 b6 5. a3 Bxd2+ 6. Bxd2 Bb7 7. g3 Ne4 8.
Be3 h6 9. Bg2 Ng5 10. d5 Nxf3+ 11. Bxf3 e5 12. c5 bxc5 13. Bxc5 d6 14. Be3 c5
15. b4 cxb4 16. axb4 a6 17. O-O O-O 18. Qb3 Nd7 19. b5 Nf6 20. b6 e4 21. Bg2
Bxd5 22. Qb2 Bb7 23. Bd4 Qe7 24. Rfc1 Rfc8 25. Bh3 Rxc1+ 26. Rxc1 Rb8 27. Rc7
Qd8 28. Qa2 d5 29. Qa3 Ne8 30. Be5 Qg5 31. Re7 Ra8 32. Bf4 Qh5 33. g4 1-0

[Event "VI Open Vallee d'Aoste A"]
[Site "Saint Vincent - Chatillon ITA"]
[Date "1998.02.11"]
[Round "5"]
[White "Ciuffoletti, Paolo"]
[Black "Naumkin, Igor"]
[Result "0-1"]
[WhiteElo "2054"]
[BlackElo "2435"]
[PlyCount "84"]
[EventDate "1998.02.07"]

1. e4 e6 2. Nf3 d5 3. e5 c5 4. b4 cxb4 5. a3 bxa3 6. d4 Nc6 7. c3 Bd7 8. Nxa3
a6 9. Bd3 Rc8 10. O-O Na5 11. Ng5 Be7 12. h4 Rxc3 13. Nb1 Rxc1 14. Qxc1 Nb3 15.
Nxf7 Nxc1 16. Nxd8 Nxd3 17. Nxb7 Bc8 18. Na5 Bxh4 19. Ra3 Nb4 20. Rc1 Bd7 21.
Nb7 Be7 22. Rc7 Nh6 23. Nd6+ Bxd6 24. exd6 Nf7 25. Rb7 Nc6 26. Rxa6 Nxd6 27.
Rc7 Rf8 28. Nc3 Rf4 29. Raxc6 Bxc6 30. Rxc6 Kd7 31. Ra6 Nf5 32. Nb5 h5 33. g3
Re4 34. f3 Re3 35. Kf2 Rb3 36. g4 Rb2+ 37. Ke1 Nh4 38. Ra7+ Kc6 39. Re7 Kb6 40.
Rxg7 Nxf3+ 41. Kd1 Rd2+ 42. Kc1 Kxb5 0-1

[Event "VI Open Vallee d'Aoste A"]
[Site "Saint Vincent - Chatillon ITA"]
[Date "1998.02.11"]
[Round "5"]
[White "Contin, Daniel"]
[Black "Vera Gonzalez-Quevedo, Reynaldo"]
[Result "0-1"]
[WhiteElo "2300"]
[BlackElo "2535"]
[PlyCount "62"]
[EventDate "1998.02.07"]

1. c4 b6 2. Nc3 Bb7 3. e4 e6 4. Nf3 Bb4 5. Bd3 Ne7 6. O-O O-O 7. Bc2 f5 8. e5
Bxf3 9. gxf3 Ng6 10. d4 c5 11. a3 Bxc3 12. bxc3 Qh4 13. Kh1 Nc6 14. Be3 Rac8
15. Rg1 Na5 16. Bg5 Qh5 17. Qd3 cxd4 18. f4 Nxc4 19. Ra2 Ne3 20. fxe3 Qf3+ 21.
Rg2 Rxc3 22. Qxd4 Qf1+ 23. Rg1 Qf3+ 24. Rg2 Rxe3 25. Qd1 h6 26. Qg1 hxg5 27.
Bd1 Qe4 28. Bc2 Qxf4 29. Rxg5 Qf3+ 30. Rg2 Nh4 31. Bd1 Qe4 0-1

[Event "VI Open Vallee d'Aoste A"]
[Site "Saint Vincent - Chatillon ITA"]
[Date "1998.02.11"]
[Round "5"]
[White "Efimov, Igor"]
[Black "Luther, Thomas"]
[Result "0-1"]
[WhiteElo "2525"]
[BlackElo "2510"]
[PlyCount "88"]
[EventDate "1998.02.07"]

1. Nf3 d5 2. c4 d4 3. b4 g6 4. Bb2 Bg7 5. e3 e5 6. exd4 e4 7. Ne5 f6 8. Ng4
Bxg4 9. Qxg4 f5 10. Qh3 Nc6 11. Nc3 Nxb4 12. O-O-O Bxd4 13. a3 Nc6 14. g4 fxg4
15. Qxg4 Nf6 16. Qh4 Qe7 17. f3 O-O-O 18. fxe4 Kb8 19. d3 Qg7 20. Kc2 g5 21.
Qg3 Be5 22. Qg2 Nh5 23. Qd2 Nf4 24. Kb1 Nd4 25. Nd5 c6 26. Bxd4 Bxd4 27. Nxf4
gxf4 28. Qxf4+ Ka8 29. Bh3 Qe7 30. Ka2 Be5 31. Qe3 Rd4 32. Rb1 a6 33. Rb3 b5
34. cxb5 axb5 35. Rc1 Qd6 36. Qd2 Kb7 37. Qa5 Ra8 38. Rxb5+ cxb5 39. Qxb5+ Qb6
40. Qxe5 Rxa3+ 41. Kxa3 Qb4+ 42. Ka2 Qd2+ 43. Kb3 Qxd3+ 44. Rc3 Qb1+ 0-1

[Event "VI Open Vallee d'Aoste A"]
[Site "Saint Vincent - Chatillon ITA"]
[Date "1998.02.11"]
[Round "5"]
[White "Everet, Alexandro"]
[Black "Tatai, Stefano"]
[Result "1/2-1/2"]
[WhiteElo "2290"]
[BlackElo "2385"]
[PlyCount "96"]
[EventDate "1998.02.07"]

1. d4 Nf6 2. c4 c5 3. Nf3 g6 4. Nc3 Bg7 5. e4 O-O 6. h3 d6 7. dxc5 Qa5 8. Bd3
Qxc5 9. O-O Nc6 10. a3 Nd7 11. Nd5 Qa5 12. Bd2 Qd8 13. Bc3 a5 14. Bxg7 Kxg7 15.
Qc2 a4 16. Qc3+ Kg8 17. Bc2 Nc5 18. Nd4 Nxd4 19. Qxd4 e5 20. Qd2 Be6 21. Rad1
Bxd5 22. Qxd5 Ra6 23. f4 Qb6 24. Kh2 Qxb2 25. fxe5 Qxe5+ 26. Qxe5 dxe5 27. Rd5
Rc8 28. Rxe5 Re6 29. Rd5 Rb6 30. Rb1 Rxb1 31. Bxb1 Kf8 32. Kg3 Ke7 33. Bc2 f6
34. Kf3 Nd7 35. Bd3 Ne5+ 36. Ke3 b6 37. Rb5 Nxc4+ 38. Bxc4 Rxc4 39. Rxb6 Rc3+
40. Kd4 Rxa3 41. Rb7+ Ke6 42. Rxh7 Rg3 43. Ra7 Rxg2 44. Ra6+ Ke7 45. Ra7+ Ke6
46. Ra6+ Kf7 47. Ra7+ Kf8 48. Kd5 Rh2 1/2-1/2

[Event "VI Open Vallee d'Aoste A"]
[Site "Saint Vincent - Chatillon ITA"]
[Date "1998.02.11"]
[Round "5"]
[White "Franco Ocampos, Zenon"]
[Black "Guido, Flavio"]
[Result "1-0"]
[WhiteElo "2465"]
[BlackElo "2370"]
[PlyCount "79"]
[EventDate "1998.02.07"]

1. c4 e6 2. Nf3 d5 3. e3 Nf6 4. d4 c5 5. cxd5 Nxd5 6. e4 Nf6 7. Nc3 cxd4 8.
Qxd4 Qxd4 9. Nxd4 a6 10. Bf4 Bc5 11. Nb3 Bb4 12. f3 Nc6 13. O-O-O Na5 14. Nxa5
Bxa5 15. Bd6 Bd7 16. b4 Bb6 17. Kb2 Bc6 18. a4 O-O-O 19. Bc4 Bc7 20. Bxc7 Kxc7
21. b5 axb5 22. axb5 Rxd1 23. Rxd1 Be8 24. Kb3 Nd7 25. Kb4 Nb6 26. Bb3 Bd7 27.
e5 f5 28. Ne2 Re8 29. Nd4 Re7 30. f4 Re8 31. h3 h5 32. h4 g6 33. Rd3 Bc8 34.
Rc3+ Kb8 35. Rg3 Rd8 36. Kc3 Nd5+ 37. Bxd5 Rxd5 38. Rxg6 Ka7 39. Kc4 Kb6 40.
Nxe6 1-0

[Event "VI Open Vallee d'Aoste A"]
[Site "Saint Vincent - Chatillon ITA"]
[Date "1998.02.11"]
[Round "5"]
[White "Genocchio, Daniele"]
[Black "Rossi, Carlo"]
[Result "0-1"]
[WhiteElo "2155"]
[BlackElo "2330"]
[PlyCount "54"]
[EventDate "1998.02.07"]

1. e4 c6 2. d4 d5 3. Nc3 dxe4 4. Bc4 Nf6 5. f3 Qb6 6. a3 Nbd7 7. Nxe4 Nd5 8.
Ne2 g6 9. Bb3 Bg7 10. O-O O-O 11. c4 N5f6 12. Kh1 Nxe4 13. fxe4 c5 14. d5 Ne5
15. Rb1 Bg4 16. Ba2 f5 17. h3 fxe4 18. hxg4 Rxf1+ 19. Qxf1 Rf8 20. Qe1 Nd3 21.
Qg1 Nf2+ 22. Kh2 Nxg4+ 23. Kh1 Rf2 24. Nf4 Bd4 25. Ne6 Qd6 26. g3 Qe5 27. Bg5
Qf5 0-1

[Event "VI Open Vallee d'Aoste A"]
[Site "Saint Vincent - Chatillon ITA"]
[Date "1998.02.11"]
[Round "5"]
[White "Godena, Michele"]
[Black "Botsari, Anna-Maria"]
[Result "1-0"]
[WhiteElo "2500"]
[BlackElo "2325"]
[PlyCount "67"]
[EventDate "1998.02.07"]

1. e4 c5 2. Nf3 Nc6 3. c3 d5 4. exd5 Qxd5 5. d4 e5 6. Nxe5 Nxe5 7. dxe5 Qxe5+
8. Qe2 Qxe2+ 9. Bxe2 Bd7 10. Na3 O-O-O 11. Bf4 Re8 12. Rd1 Nf6 13. Kf1 Re4 14.
Bg3 h5 15. f3 Ra4 16. Bc4 Be6 17. Bxe6+ fxe6 18. c4 h4 19. Be5 Rh5 20. Bc3 Rf5
21. Ke2 Ra6 22. g4 hxg3 23. hxg3 Nh5 24. Kf2 Nf6 25. Kg2 Nh5 26. Kf2 Nf6 27.
Ke3 Ne8 28. Rh8 Rf7 29. g4 g6 30. Nb5 Ra4 31. Bg7 Nxg7 32. Nd6+ Kd7 33. Nxf7+
Ke7 34. Ne5 1-0

[Event "VI Open Vallee d'Aoste A"]
[Site "Saint Vincent - Chatillon ITA"]
[Date "1998.02.11"]
[Round "5"]
[White "Luciani, Valerio"]
[Black "Van der Werf, Mark"]
[Result "1-0"]
[WhiteElo "2220"]
[BlackElo "2420"]
[PlyCount "63"]
[EventDate "1998.02.07"]

1. e4 c5 2. Nc3 Nc6 3. g3 g6 4. Bg2 Bg7 5. d3 d6 6. Be3 Rb8 7. Qd2 b5 8. Nge2
b4 9. Nd1 Nd4 10. O-O e6 11. Nc1 Ne7 12. f3 O-O 13. Rf2 e5 14. Bh6 f5 15. Bxg7
Kxg7 16. f4 exf4 17. gxf4 Bd7 18. Ne3 Rf7 19. c3 bxc3 20. bxc3 Ndc6 21. Ne2 Qc7
22. Ng3 Rbf8 23. Raf1 Bc8 24. Bh3 fxe4 25. Bxc8 Rxc8 26. dxe4 Rcf8 27. h4 Ng8
28. h5 Nce7 29. hxg6 hxg6 30. Rg2 Nh6 31. f5 Kh8 32. Nd5 1-0

[Event "VI Open Vallee d'Aoste A"]
[Site "Saint Vincent - Chatillon ITA"]
[Date "1998.02.11"]
[Round "5"]
[White "Manca, Federico"]
[Black "Arlandi, Ennio"]
[Result "1/2-1/2"]
[WhiteElo "2375"]
[BlackElo "2425"]
[PlyCount "102"]
[EventDate "1998.02.07"]

1. e4 c6 2. d4 d5 3. Nc3 dxe4 4. Nxe4 Nd7 5. Ng5 Ngf6 6. Bd3 e6 7. N1f3 Bd6 8.
Qe2 h6 9. Ne4 Nxe4 10. Qxe4 c5 11. O-O Qc7 12. Qg4 Kf8 13. Bd2 e5 14. c3 exd4
15. cxd4 Ne5 16. Qe4 Nxd3 17. Qxd3 c4 18. Qe4 Bd7 19. Ne5 Re8 20. Nxd7+ Qxd7
21. Qf3 Kg8 22. Rfc1 b5 23. a4 a6 24. axb5 axb5 25. b3 cxb3 26. Qxb3 Kh7 27.
Qd3+ f5 28. Ra5 Re4 29. Qxb5 Qxb5 30. Rxb5 Rxd4 31. Be3 Ba3 32. Ra1 Rd3 33.
Rxf5 Rhd8 34. g4 Rd1+ 35. Rxd1 Rxd1+ 36. Kg2 Bc1 37. h4 Bb2 38. h5 Rd7 39. Kf3
Re7 40. Bc5 Re5 41. Rxe5 Bxe5 42. Ke4 Bc3 43. Kf5 Bb2 44. Ke6 Kg8 45. f4 Bc1
46. f5 Bd2 47. Bd4 Bc1 48. Ke7 Ba3+ 49. Ke6 Bc1 50. f6 gxf6 51. Kxf6 Kh7
1/2-1/2

[Event "VI Open Vallee d'Aoste A"]
[Site "Saint Vincent - Chatillon ITA"]
[Date "1998.02.11"]
[Round "5"]
[White "Miladinovic, Igor"]
[Black "Vallejo Pons, Francisco"]
[Result "1/2-1/2"]
[WhiteElo "2565"]
[BlackElo "2415"]
[PlyCount "121"]
[EventDate "1998.02.07"]

1. d4 e6 2. Nf3 Nf6 3. c4 b6 4. Nc3 Bb4 5. g3 Bxc3+ 6. bxc3 Bb7 7. Bg2 O-O 8.
O-O Qc8 9. Re1 d6 10. a4 Ne4 11. Qc2 f5 12. Nh4 Nc6 13. f3 Nf6 14. Bh3 Qe8 15.
d5 Ne5 16. dxe6 Qxe6 17. Qxf5 Qxc4 18. Qe6+ Kh8 19. Qxc4 Nxc4 20. e4 Rae8 21.
Bg5 Re5 22. Bf4 Rc5 23. Bf1 Nh5 24. Bc1 Ne5 25. Be2 Nf6 26. Bb2 Nc4 27. Bxc4
Rxc4 28. a5 b5 29. Nf5 Nd7 30. a6 Bc6 31. Nd4 Ne5 32. Re3 Bd7 33. f4 Ng4 34.
Re2 Re8 35. Rae1 Rc5 36. h3 Nh6 37. g4 Ng8 38. Re3 Nf6 39. g5 Nh5 40. Ne2 Rc4
41. e5 Kg8 42. Nd4 Nxf4 43. exd6 Rd8 44. dxc7 Rxc7 45. h4 Nd5 46. Rf3 Rdc8 47.
Ref1 Bg4 48. Nxb5 Bxf3 49. Nxc7 Nxc7 50. Rxf3 Nxa6 51. Ba3 Nc5 52. Bb4 Nb3 53.
c4 a5 54. Rxb3 Rb8 55. Kf2 axb4 56. Ke3 Kf7 57. Kd4 Kg6 58. Kc5 Kh5 59. Rxb4
Rc8+ 60. Kd6 Kxh4 61. Rb7 1/2-1/2

[Event "VI Open Vallee d'Aoste A"]
[Site "Saint Vincent - Chatillon ITA"]
[Date "1998.02.11"]
[Round "5"]
[White "Sedina, Elena"]
[Black "Van den Doel, Erik"]
[Result "0-1"]
[WhiteElo "2380"]
[BlackElo "2485"]
[PlyCount "88"]
[EventDate "1998.02.07"]

1. e4 c5 2. Nf3 e6 3. d3 Nc6 4. g3 Nf6 5. Bg2 d6 6. O-O Be7 7. Re1 O-O 8. c3
Re8 9. d4 d5 10. exd5 exd5 11. Bg5 cxd4 12. Nxd4 Bg4 13. Nxc6 bxc6 14. Qc2 h6
15. Bxf6 Bxf6 16. Nd2 Qb6 17. Nb3 Bh5 18. Nd4 Rab8 19. Qa4 Rec8 20. Bh3 Rc7 21.
Bf5 Bg6 22. Bxg6 fxg6 23. Re2 c5 24. Ne6 Re7 25. Rae1 Rbe8 26. Qg4 h5 27. Qh3
d4 28. cxd4 cxd4 29. Nf4 Rxe2 30. Rxe2 Rxe2 31. Nxe2 d3 32. Nc3 Qxb2 33. Qe6+
Kh7 34. Nd1 Qe2 35. Qb3 a5 36. h4 Qe4 37. Ne3 Bd4 38. Qc4 d2 39. Kh2 a4 40. a3
Qe5 41. Nd1 Qe1 42. Qxa4 Bxf2 43. Kg2 Bd4 44. Kf3 Qf1+ 0-1

[Event "VI Open Vallee d'Aoste A"]
[Site "Saint Vincent - Chatillon ITA"]
[Date "1998.02.11"]
[Round "5"]
[White "Zelcic, Robert"]
[Black "Novikov, Igor A."]
[Result "1/2-1/2"]
[WhiteElo "2540"]
[BlackElo "2550"]
[PlyCount "134"]
[EventDate "1998.02.07"]

1. e4 c5 2. Nf3 d6 3. d4 cxd4 4. Nxd4 Nf6 5. Nc3 a6 6. Be2 e6 7. O-O Be7 8. f4
Qc7 9. Kh1 O-O 10. a4 Rd8 11. Be3 Nbd7 12. Bf3 Ne5 13. Qe1 Nxf3 14. Nxf3 b6 15.
e5 Ng4 16. Bd4 Nh6 17. Qf2 Rb8 18. a5 bxa5 19. Na4 Ng4 20. Qg3 dxe5 21. Bc3 f5
22. Nxe5 Nxe5 23. Bxe5 Bd6 24. Bd4 Rb7 25. Qf2 Qc6 26. Nb6 Bc7 27. Nxc8 Rxc8
28. Ra3 Rd8 29. h3 Bb6 30. Bxb6 Rxb6 31. Rc3 Qb7 32. Qe2 Rdd6 33. b3 h6 34. Rg3
Qd7 35. c4 Rd4 36. Kh2 Rbd6 37. Qe5 a4 38. bxa4 Rc6 39. Rff3 Kh7 40. Re3 Rdxc4
41. Rd3 Qc7 42. Qe2 Qf7 43. Qd2 Rc7 44. a5 Rc2 45. Qb4 R2c4 46. Qd2 Rc1 47. Rd6
Rf1 48. Re3 Rxf4 49. Rexe6 Rh4 50. Rxa6 Re7 51. Red6 Qc4 52. Qf2 Qf4+ 53. Qxf4
Rxf4 54. Re6 Rxe6 55. Rxe6 Ra4 56. a6 h5 57. Kg3 h4+ 58. Kf3 Ra2 59. Rb6 g6 60.
Rb7+ Kh6 61. a7 g5 62. Ke3 Ra4 63. Kd3 g4 64. hxg4 fxg4 65. Rb6+ Kg5 66. Rb5+
Kg6 67. Rb6+ Kg5 1/2-1/2

[Event "VI Open Vallee d'Aoste A"]
[Site "Saint Vincent - Chatillon ITA"]
[Date "1998.02.12"]
[Round "6"]
[White "Arlandi, Ennio"]
[Black "Anceschi, Vittorio"]
[Result "1-0"]
[WhiteElo "2425"]
[BlackElo "2290"]
[PlyCount "107"]
[EventDate "1998.02.07"]

1. d4 Nf6 2. c4 c6 3. Nc3 d5 4. e3 g6 5. Nf3 Bg7 6. Be2 O-O 7. O-O a6 8. b3 b5
9. Bb2 Bb7 10. Qc2 Nbd7 11. Rad1 Qc7 12. Ne5 Rac8 13. f4 bxc4 14. bxc4 c5 15.
Nxd7 Nxd7 16. Nxd5 Bxd5 17. cxd5 c4 18. Bc3 Qd6 19. e4 Qa3 20. Rf3 Nb6 21. f5
gxf5 22. Rxf5 Na4 23. Rf3 e6 24. Rg3 Nxc3 25. Rxc3 Qd6 26. Rxc4 Rxc4 27. Qxc4
exd5 28. Qxd5 Qxd5 29. exd5 a5 30. Bb5 Rd8 31. Bc6 Bf8 32. Kf2 Bd6 33. h3 Rb8
34. Rd2 Rb1 35. Ke3 Bb4 36. Rf2 Kg7 37. Kd3 Rc1 38. Be8 Rc3+ 39. Ke4 f6 40. Re2
Rc1 41. Kf5 Re1 42. Rxe1 Bxe1 43. d6 Kf8 44. Bh5 Bf2 45. d5 Bc5 46. Ke6 f5 47.
d7 Bb6 48. g3 Bd8 49. d6 Kg7 50. Kxf5 Kf8 51. a4 Kg7 52. Ke6 h6 53. Be8 Bf6 54.
Kd5 1-0

[Event "VI Open Vallee d'Aoste A"]
[Site "Saint Vincent - Chatillon ITA"]
[Date "1998.02.12"]
[Round "6"]
[White "Contin, Daniel"]
[Black "Sedina, Elena"]
[Result "0-1"]
[WhiteElo "2300"]
[BlackElo "2380"]
[PlyCount "64"]
[EventDate "1998.02.07"]

1. c4 e5 2. Nc3 Bb4 3. Qb3 Nc6 4. Nf3 d6 5. e3 Nge7 6. Be2 O-O 7. O-O a5 8. d4
Bxc3 9. Qxc3 f6 10. b3 Qe8 11. d5 Nb8 12. Nd2 Qg6 13. Kh1 Nd7 14. a3 Nc5 15. f3
Bd7 16. Bd1 b5 17. e4 b4 18. Qc2 f5 19. axb4 axb4 20. Rxa8 Rxa8 21. Be2 fxe4
22. fxe4 Bg4 23. Bf3 Rf8 24. Re1 Qh5 25. Bxg4 Qxg4 26. Nf3 Ng6 27. h3 Qg3 28.
Re3 Nh4 29. Ng1 Rf2 30. Rxg3 Rxc2 31. Be3 Nxe4 32. Rg4 Nf5 0-1

[Event "VI Open Vallee d'Aoste A"]
[Site "Saint Vincent - Chatillon ITA"]
[Date "1998.02.12"]
[Round "6"]
[White "Djuric, Stefan"]
[Black "Belotti, Bruno"]
[Result "0-1"]
[WhiteElo "2520"]
[BlackElo "2420"]
[PlyCount "88"]
[EventDate "1998.02.07"]

1. d4 Nf6 2. Nf3 g6 3. g3 Bg7 4. Bg2 O-O 5. O-O d6 6. Re1 c5 7. d5 Bf5 8. Nc3
Ne4 9. Nxe4 Bxe4 10. Bh3 Qa5 11. c4 Bxf3 12. exf3 Bf6 13. Bh6 Re8 14. Qc2 b5
15. Re4 bxc4 16. Rxc4 Na6 17. a3 Rab8 18. Rb1 Nc7 19. Bd7 Red8 20. Bd2 Qb6 21.
Qa4 Qb3 22. Qxb3 Rxb3 23. Ba4 Rxb2 24. Rxb2 Bxb2 25. Ba5 Rc8 26. Bd7 Rb8 27.
Bc6 Nb5 28. Ra4 Nxa3 29. Bc7 Rb3 30. Rxa7 c4 31. Bd8 Bf6 32. Ba4 Rb1+ 33. Kg2
c3 34. Rc7 Rb4 35. Bd1 Rc4 36. Rxc4 Nxc4 37. Bb3 Na3 38. Ba5 c2 39. Bd2 Bb2 40.
Kf1 c1=Q+ 41. Bxc1 Bxc1 42. Ke2 Nb5 43. Kd3 Ba3 44. f4 Bc5 0-1

[Event "VI Open Vallee d'Aoste A"]
[Site "Saint Vincent - Chatillon ITA"]
[Date "1998.02.12"]
[Round "6"]
[White "Everet, Alexandro"]
[Black "Lanzani, Mario"]
[Result "0-1"]
[WhiteElo "2290"]
[BlackElo "2375"]
[PlyCount "164"]
[EventDate "1998.02.07"]

1. d4 Nf6 2. c4 e5 3. d5 Bc5 4. e3 d6 5. a3 a5 6. Nc3 Bf5 7. Bd3 e4 8. Bc2 h5
9. b3 h4 10. h3 Qe7 11. Bb2 Nbd7 12. Qd2 Ne5 13. O-O-O O-O 14. Na4 Nfd7 15. Ne2
Rfb8 16. Nd4 Bxd4 17. exd4 Nd3+ 18. Bxd3 exd3 19. Nc3 a4 20. Rhe1 Qd8 21. Qf4
Bg6 22. b4 Nb6 23. c5 Nc4 24. Re3 d2+ 25. Rxd2 Nxd2 26. Kxd2 Qd7 27. Qg4 Qxg4
28. hxg4 c6 29. cxd6 Rd8 30. Rh3 Rxd6 31. Rxh4 cxd5 32. Rh1 f6 33. Rc1 Rd7 34.
Nd1 Kf7 35. Ne3 Ke6 36. Bc3 Rc8 37. b5 Rdc7 38. Re1 Be4 39. Bb4 Kf7 40. f3 Bg6
41. b6 Rc6 42. Ra1 Rxb6 43. Ra2 Rbc6 44. Rb2 b6 45. Ke1 Ke6 46. Bd2 Bd3 47. Bb4
g6 48. Rd2 Rc1+ 49. Kf2 Bc4 50. Rb2 b5 51. Rd2 Ra1 52. f4 Kf7 53. g5 f5 54. g4
fxg4 55. Nxg4 Ke6 56. Kg3 Rc7 57. Rh2 Kf5 58. Nf2 Rg1+ 59. Kf3 Rb1 60. Rh8 Rb3+
61. Kg2 Rf7 62. Bd6 Ke6 63. Be5 Rxa3 64. Ng4 Bd3 65. Rb8 Be4+ 66. Kh2 Ra2+ 67.
Kg3 Rg2+ 68. Kh3 Rxg4 69. Kxg4 Bf5+ 70. Kg3 Bd3 71. Re8+ Re7 72. Ra8 Kf5 73.
Ra6 Re6 74. Ra8 Ke4 75. Kf2 Rc6 76. Rf8 Rc2+ 77. Kg3 Ke3 78. Bd6 Be4 79. Re8
Rg2+ 80. Kh3 Kf3 81. Rxe4 dxe4 82. Bb4 Rg3+ 0-1

[Event "VI Open Vallee d'Aoste A"]
[Site "Saint Vincent - Chatillon ITA"]
[Date "1998.02.12"]
[Round "6"]
[White "Farago, Ivan"]
[Black "Efimov, Igor"]
[Result "1/2-1/2"]
[WhiteElo "2475"]
[BlackElo "2525"]
[PlyCount "42"]
[EventDate "1998.02.07"]

1. d4 Nf6 2. c4 e6 3. Nf3 a6 4. Nc3 c5 5. d5 b5 6. e4 b4 7. e5 bxc3 8. exf6
gxf6 9. Bd3 Bg7 10. O-O f5 11. bxc3 O-O 12. Bf4 Re8 13. Bg3 f4 14. Bxf4 e5 15.
Nxe5 Rxe5 16. Bxe5 Bxe5 17. Bxh7+ Kf8 18. Qg4 d6 19. Qg8+ Ke7 20. Qg5+ Ke8 21.
Qg8+ Ke7 1/2-1/2